000 05310nkm0a2200613 4500
001 RU\NLR\BIBL_A\022641987
005 20251127234200.0
035 _a(NLR Aleph) 022641987
071 5 0 _a10
_93000
090 _a88896
_c88896
100 _a20251130 rusy50
101 0 _arus
102 _aRU
116 _adiybxx zz ae
135 _acrcn 024anaba
181 0 _ab4
_bxb2e
182 0 _an
200 1 _aМакач-Кала
_iКомсомольская ул. и ДСПС
_eоткрытое письмо
203 _aИзображение
_bнеподвижное
_bдвухмерное
_bвизуальное
_cнепосредственное
210 _a[Москва]
_cКонтрагентство печати
_d[1926 или 1927]
_eМосква
_gТипо-лит. им. Дунаева
215 _a1 л.
_cглуб. печ.
_d9,1х14,1
300 _aЦенз. разрешение: Главлит № 76731
301 _aИзд. номер: № 10
325 _aКопия доступна в Электрон. б-ке РНБ
540 1 _aМакачкала. Комсомольская улица и ДСПС
540 1 _aМакачкала. Комсомольская улица и Дагестанский совет профессиональных союзов
606 1 _aПочтовые открытки маркированные художественные
_yСССР
_z1917 - 1941
_2nlr_sh2
_3RU\NLR\AUTH\6601555037
606 1 _aФотографические открытки
_2nlr_sh2
_3RU\NLR\AUTH\661600135
607 _aМахачкала, город (Дагестан)
_jОткрытки
_2nlr_sh1
_2nlr_sh2
_3RU\NLR\AUTH\66595032
610 1 _aВидовые открытки
617 _aСССР
_bДагестанская АССР
_dМахачкала, город
_eДагестанский совет профессиональных союзов
_kКомсомольская улица
686 0 _aЩ153(2)7-489
711 0 2 _aДагестанский совет профсоюзов
_3RU\NLR\AUTH\880632801
712 0 2 _aВсесоюзное контрагентство печати
_3RU\NLR\AUTH\885157
_4650
712 0 2 _aТипография им. Дунаева
_cМосква
_3RU\NLR\AUTH\8810047139
_4610
830 _a"09.06.1920 г. на 1-ой конференции профсоюзов был избран Дагестанский Совет профессиональных союзов ... Ликвидирован 01.06. 1937 г. постановлением ВЦСПС от 21 мая 1937 г. ... Дагестанский Совет профессиональных союзов (Дагсовпроф), г.Махачкала. 14.05.1921 22.02.1991": http://www.cgard.ru/af/index.php?act=fund&fund=4417 (10.10.2025). АЯ ОЭФ
830 _a"В ноябре 1917 года частное предприятие Суворина было национализировано и на его основе создано Контрагентсов «Центропечать». 13 декабря 1921 года Коллегия Агитпропотдела ЦК РКП(б) постановила ликвидировать «Центропечать» ... в январе 1922 года была образована Центральная экспедиция советской и партийной печати (ЦЭП). Тогда же, в самом начале 1922 года, бывший железнодорожный отдел «Центропечати» был реформирован в "Контрагентство печати" Народного комиссариата почт и телеграфов, которое просуществовало до 1927 года. В 1927 году преобразовано в «Издательство Всесоюзного Контрагентства Печати»": https://ca-photoarchives.net/funds/734/ (10.10.2025). АЯ ОЭФ
830 _a"Всесоюзное Контрагентство печати Просуществовало в период с 1927 по 1930 год. В 1930 году преобразовано в "Союзпечать"": https://ca-photoarchives.net/funds/734/ (10.10.2025). АЯ ОЭФ
830 _aДатировка: вероятно, до появления Всесоюзного Контрагентства печати; с учетом поступления экз. в РНБ. АЯ ОЭФ
830 _aПоступление: Г.П.Б. 1927. (инв.67977). АЯ ОЭФ
852 0 0 _aNLR
_bЭ
_jОТ63/М360
_mинв.67977
856 0 _uhttps://vivaldi.nlr.ru/lo000072327/view
856 1 _uhttps://vivaldi.nlr.ru/lo000072327/cover
856 2 _uhttps://vivaldi.nlr.ru/lo000072327/text
901 _eИзографические материалы
942 _cVISUAL
945 _aРоссийская национальная библиотека
980 _aBV
980 _aNB
981 1 7 _a(17) Изографические материалы
_b(17) Открытки